02253cam a2200361 i 45000010009000000050017000090080041000260100017000670200027000840200031001110200026001420400032001680420008002000430012002080500023002200820018002431000034002612450086002952600030003813000050004114900025004615040067004865050353005535200564009066100019014706500035014896500048015246500038015726500046016106510050016567760159017068300026018652151736920230905144227.0200430s2021 cauab b 001 0 eng  a 2020019950 a9781503613461q(cloth) a9781503614222q(paperback) z9781503614239q(epub) aCSt/DLCbengcDLCerdadDLC apcc aa-ii---00aDS482.8b.L66 202100aF51x5411 L8621 aLongkumer, Arkotong,eauthor.14aThe greater India experiment :bHindutva and the northeast /cArkotong Longkumer. aNew DelhibNavayanac2022 ax, 321 pages :billustrations, maps ;c24 cm.1 aSouth Asia in motion aIncludes bibliographical references (pages 289-309) and index.0 aArboreal nation -- The northeast and time's relentless melt -- Hindutva worldings : whose way of life? -- Prophecy and the Hindu state -- "Christian Hindu" and nationalizing Hindutva -- Rani Gaidinliu : a semiotic challenge to the nation state -- Citizenship, elections, and the BJP -- Epilogue : Hindutva becoming and the greater India experiment. a"With unheard of access to the Sangh Parivar (a family of organizations comprising the Hindu right), The Greater India Experiment explores the ideologies at play in this notorious group, documenting their quotidian activities. Longkumer argues that it is here that we truly see the full picture of the Sangh movement, not through the politicized lens of high-profile campaigns or activities, but through the gradual process of influencing social and cultural politics, and the eventual entanglement of the Hindu Right in the everyday politics of the region"--20aSangh Parivar. 0aHindutvazIndia, Northeastern. 0aHinduism and politicszIndia, Northeastern. 0aNationalismzIndia, Northeastern. 0aHinduismzIndia, NortheasternxRelations. 0aIndia, NortheasternxPolitics and government.08iOnline version:aLongkumer, Arkotong.tGreater India experimentdStanford, California : Stanford University Press, [2021]z9781503614239w(DLC) 2020019951 0aSouth Asia in motion.